000 01405cam a2200349 a 4500
001 EDZ0000071618
003 StDuBDS
005 20161031105151.0
006 m||||||||d||||||||
007 cr |||||||||||
008 120405s2004 enk fo| 001|0|eng|d
020 _a9781446217313 (ebook) :
_cNo price
040 _aStDuBDS
_beng
_cStDuBDS
_epn
049 _aAlfaisal Main Library
050 0 _aHM786
_b.O745 2004
082 0 4 _a302.35
_223
245 0 0 _aOrganization theory and postmodern thought
_h[electronic resource] /
_cedited by Stephen Linstead.
260 _aLondon :
_bSAGE,
_c2004.
300 _a1 online resource (188 p.)
520 8 _aEach chapter in this text focuses on a major philosopher who has had, or should have, a major influence on organization theory with special consideration to their impact on management and organization studies more generally.
521 _aSpecialized.
588 _aDescription based on print version record.
504 _aIncludes bibliographical references and index.
650 0 _aOrganizational sociology.
650 0 _aPostmodernism.
655 7 _aElectronic books.
_2local
700 1 _aLinstead, Stephen,
_d1952-
710 2 _aSage eBooks
776 0 8 _iPrint version :
_z9780761953111
856 4 0 _uhttp://ezproxy.alfaisal.edu/login?url=http://sk.sagepub.com/books/organization-theory-and-postmodern-thought
942 _2lcc
_cEBOOKS
999 _c480797
_d480797